000
00233nam a22001217a 4500
003
SGT
082
_a
340,KHA
100
_a
KHAN,T.A.
245
_a
MOHAMMEDAN LAW
260
_a
NEW DELHI
_b
CLA
_c
2004
300
_a
420
942
_2
ddc
_c
BK
999
_c
11250
_d
11250